000 00678nam a2200265Ia 4500
005 20260121165302.0
008 008 260114s9999 xx 000 0 eng d
020 _a9783319278421
037 _aEBOOK
040 _aCRL
040 _beng
040 _cCRL
041 _2eng
041 _aeng
084 _qCRL
100 _aMarcel de Jeu, Ben de Pagter, Onno van Gaans, Mark Veraar
_91049804
245 0 _aOrdered Structures and Applications
260 _bSpringer
260 _bSpringer
260 _c2016
856 _uhttps://link.springer.com/openurl?genre=book&isbn=978-3-319-27842-1
942 _cEBOOK
999 _c1615529
_d1615529